000 02408nam a2200685 a 4500
005 20240806093235.0
008 100708s2011||||sp a g |||| 000 0 spa d
020 _a9788478410835
041 _aspa
092 _c610.7
_l92
_sVIL
100 1 _aVillalba, Maria
_eDir.
_94140
245 _aNuevo manual de la enfermería /
_cMaría Villalba
250 _a1a ed.
260 _aBarcelona:
_bOcéano;
_c2011.
300 _a1200 p.
_bIncluye CD-Rom
500 _aVillalba, M. (Dir.). (2011). Nuevo manual de la enfermería. (1a ed.). Barcelona : Océano.
653 _aProceso de atención de enfermería
653 _aDiagnóstico, técnica y tratamientos
653 _aEnfermería médico - quirúrgica
653 _aCardiovascular
653 _aSangre
653 _aDermatología
653 _aDigestivo
653 _aSalud mental. Trastorno del comportamiento
653 _aEndocrinología
653 _aNeurología
653 _aGinecología
653 _aGenitourinario
653 _aMusculoesquelético
653 _aRespiratorio
653 _aPediatría
653 _aOftalmología y otorrinolaringología
653 _aMaternoinfantil
653 _aReproducción y sexualidad: fecundidad y esterilidad
653 _aPlanificación familiar
653 _aAdaptaciones del embarazo y desarrollo fetal
653 _aAspectos nutricionales del embarazo y el puerperio
653 _aValoración de enfermería de la embarazada
653 _aObstetricia. Técnicas diagnósticas y procedimientos
653 _aComplicaciones del embarazo
653 _aTrabajo de parto y parto
653 _aProcedimientos para reducción de riesgos durante el parto y complicaciones
653 _aPuerperio normal y complicado
653 _aValoración y cuidados del neonato normal y el de alto riesgo
653 _aCuidados de enfermería a la persona anciana
653 _aFarmacología y farmacoterapía
653 _aAntibióticos
653 _aCardiovascular
653 _aDigestivo
653 _aEndocrino
653 _aGenitourinario
653 _aMusculoesquelético
653 _aSistema nervioso
653 _aRespiratorio
653 _aPosiciones del enfermo
653 _aModelo conceptual de Virginia Henderson
653 _aDiagnósticos de enfermería
653 _aTabla de conversión y valores normales
942 _2ddc
_cBK
999 _c3105
_d3105